000 00448nam a2200181Ia 4500
005 20250423095951.0
008 250422s9999 xx 000 0 und d
020 _a9782486310
050 _aKP 110 .A5/
100 _aAnimashaun, T.O.G.
245 0 _aLaw of succession, wills and probate in nigeria
260 _aYaba, Lagos
260 _bMIJ Proff. Pubs. Ltd.
260 _c2002
300 _a183 p
650 _aWill-Nigeria
942 _cBK
999 _c31880
_d31880